000 00583nam a2200193Ia 4500
005 20250508163508.0
008 008 250505s9999 xx 000 0 eng d
037 _aTextual
040 _aFEDL
_beng
_cFEDL
041 _aeng
_2eng
084 _a370.193, TYA
_qFEDL
100 _aTyagi P.N.
_9775454
245 0 _aEducation for all : A graphic presentation
250 _a2nd
260 _aNew Delhi, India
_bNational Institute of Educational Planning and Administration
_c1993
300 _axv,127p.
942 _cTEXL
_h370.193, TYA
999 _c1383678
_d1383678